| 000 | 00513nam a22001817a 4500 | ||
|---|---|---|---|
| 005 | 20251108164116.0 | ||
| 008 | 250721s2009 xx 000 0 ara d | ||
| 082 | 1 | 4 | _a811.9561/درا |
| 100 | 1 | _aالدراويش، عبد الفتاح | |
| 245 | 1 | 0 | _aنزار قباني حياته و شعره / |
| 264 | 1 |
_aعمان : _bالأهلية، _c2009. |
|
| 300 | _a567ص. | ||
| 490 | 0 | _aشعراء أعلام | |
| 650 | 1 | 7 | _aالشعر الحديث |
| 650 | 1 | 7 | _aالشعراا |
| 942 |
_2ddc _cBK |
||
| 999 |
_c3832 _d3832 |
||